000 00624nam a2200229Ia 4500
003 OSt
005 20230516141836.0
008 210423s2010 xx 000 0 und d
020 _a978-81-265-2387-0
040 _cAL
041 _aeng
082 _a547.59 LIJN
100 _aLI (Jie-Jack);COREY (E J)
_9105364
245 _aName reactions in heterocyclic chemistry
260 _aNew Delhi
_bWiley and Sons
_c2010
300 _axix,558
_bPB
365 _b649
_cINR
650 _aChemistry
_9105365
650 _aOrganic Chemistry
_9105366
906 _achemistry ; heterocyclic ; Name ; reactions
942 _2ddc
_cBK
999 _c166377
_d166377